[Event "ch-ISR w 2016"]
[Site "Tiberias ISR"]
[Date "2016.12.08"]
[Round "4.1"]
[White "Altshul, Limor"]
[Black "Lahav, Michal"]
[Result "0-1"]
[BlackTitle "WFM"]
[WhiteElo "2022"]
[BlackElo "2178"]
[WhiteFideId "2812550"]
[BlackFideId "2813742"]
[EventDate "2016.12.05"]

1. d4 Nf6 2. c4 e6 3. Nc3 Bb4 4. e3 O-O 5. Ne2 d5 6. a3 Be7 7. cxd5 Nxd5 8. Bd2
c5 9. dxc5 Bxc5 10. Nxd5 Qxd5 11. Nf4 Qd6 12. Qc2 Rd8 13. Bc3 Nc6 14. Be2 Bd7
15. O-O Rac8 16. Bd3 h6 17. Rad1 Qe7 18. b4 Bd6 19. Qb2 e5 20. Nd5 Qf8 21. Bb1
Be6 22. e4 f6 23. Rd3 Ne7 24. Ne3 Bc7 25. Rxd8 Rxd8 26. Ba2 Qf7 27. Bxe6 Qxe6
28. Rd1 Rxd1+ 29. Nxd1 Bb6 30. a4 Qc4 31. a5 Bd4 32. Bxd4 exd4 33. b5 Qd3 34.
Qc1 Qxe4 35. Nb2 Nf5 36. f3 Qe8 37. Qc4+ Kh8 38. Qf1 Qe3+ 39. Kh1 Qc3 40. Nd1
Qxa5 41. g4 Ne3 42. Qe2 Qa1 0-1

[Event "ch-ISR w 2016"]
[Site "Tiberias ISR"]
[Date "2016.12.08"]
[Round "4.2"]
[White "Federovski, Adi"]
[Black "Haitovich, Avital"]
[Result "1-0"]
[WhiteElo "1947"]
[BlackElo "1979"]
[WhiteFideId "2813777"]
[BlackFideId "2800306"]
[EventDate "2016.12.05"]

1. e4 e5 2. Nf3 d6 3. Bc4 Be7 4. O-O Nf6 5. d3 O-O 6. Bb3 Nbd7 7. c3 Nc5 8. Bc2
Bg4 9. Nbd2 Ne6 10. h3 Bh5 11. Nc4 c6 12. g4 Bg6 13. Ne3 Re8 14. Nf5 1-0

[Event "ch-ISR w 2016"]
[Site "Tiberias ISR"]
[Date "2016.12.08"]
[Round "4.3"]
[White "Vardi, Shlomit"]
[Black "Len, Irina"]
[Result "1/2-1/2"]
[BlackTitle "WFM"]
[WhiteElo "1926"]
[BlackElo "2140"]
[WhiteFideId "2801442"]
[BlackFideId "2805715"]
[EventDate "2016.12.05"]

1. e4 d5 2. exd5 Qxd5 3. Nc3 Qd6 4. d4 Nf6 5. Bc4 a6 6. Bb3 Nc6 7. Nge2 e5 8.
dxe5 Qxd1+ 9. Nxd1 Nxe5 10. O-O Bd6 11. Ndc3 O-O 12. Bg5 Ned7 13. Bf4 Bxf4 14.
Nxf4 c6 15. Rfe1 Nc5 16. Re7 Rb8 17. Rae1 Bf5 18. f3 Nxb3 19. axb3 1/2-1/2

[Event "ch-ISR w 2016"]
[Site "Tiberias ISR"]
[Date "2016.12.08"]
[Round "4.4"]
[White "Ovechkin, Lilia"]
[Black "Nesterovskaya, Anzhelika"]
[Result "0-1"]
[BlackTitle "WFM"]
[WhiteElo "1857"]
[BlackElo "2173"]
[WhiteFideId "2816199"]
[BlackFideId "14114895"]
[EventDate "2016.12.05"]

1. d4 e6 2. Bf4 f5 3. Nf3 Nf6 4. e3 Be7 5. Bd3 O-O 6. c4 d6 7. Nc3 Qe8 8. Qe2
Nh5 9. Bg5 Bxg5 10. Nxg5 h6 11. Nf3 c6 12. h3 e5 13. dxe5 dxe5 14. c5 e4 15.
Bc4+ Kh8 16. Nd4 Nf6 17. O-O Qe5 18. b4 f4 19. f3 a5 20. Nxe4 axb4 21. Nb3 Nd5
22. exf4 Nxf4 23. Qf2 Bxh3 24. Qg3 Be6 25. Ned2 Ne2+ 0-1

[Event "ch-ISR w 2016"]
[Site "Tiberias ISR"]
[Date "2016.12.08"]
[Round "4.5"]
[White "Reprun, Nadejda"]
[Black "Brusilovski, Lena"]
[Result "0-1"]
[WhiteElo "1959"]
[BlackElo "1851"]
[WhiteFideId "2806843"]
[BlackFideId "2803216"]
[EventDate "2016.12.05"]

1. e4 c5 2. Nf3 d6 3. c3 Nf6 4. h3 g6 5. Bd3 Bg7 6. Bc2 O-O 7. O-O Nc6 8. d4
cxd4 9. cxd4 d5 10. e5 Ne4 11. Nc3 Nxc3 12. bxc3 Na5 13. Bd3 Qc7 14. Bd2 Nc4 15.
Qc1 Nxd2 16. Qxd2 Bd7 17. Rac1 b5 18. Nh2 Rac8 19. f4 Qb6 20. Kh1 Rc7 21. f5
gxf5 22. Qf2 e6 23. Qh4 f6 24. Ng4 fxe5 25. dxe5 Be8 26. Rfe1 Bg6 27. Nh6+ Bxh6
28. Qxh6 Qf2 29. Re2 Qc5 30. h4 Rg7 31. Rb2 a6 32. a4 bxa4 33. Bxa6 a3 34. Ra2
Rb8 35. Qd2 f4 36. Qd4 Qa5 37. Bd3 Bxd3 38. Qxd3 Rb2 39. Rxb2 axb2 40. Rb1 Rb7
41. Qc2 Qa2 42. Qd3 Rb3 43. Qc2 Rxc3 44. Qxb2 Qxb2 45. Rxb2 Re3 46. Rf2 Re4 47.
Kh2 Kg7 48. Kh3 h5 49. g4 fxg3 50. Kxg3 Rxe5 0-1

[Event "ch-ISR w 2016"]
[Site "Tiberias ISR"]
[Date "2016.12.08"]
[Round "4.6"]
[White "Dotan, Valeria"]
[Black "Zach, Asif"]
[Result "1-0"]
[WhiteTitle "WFM"]
[WhiteElo "1928"]
[BlackElo "1632"]
[WhiteFideId "2803607"]
[BlackFideId "2818604"]
[EventDate "2016.12.05"]

1. d4 Nf6 2. c4 c5 3. Nf3 g6 4. Nc3 cxd4 5. Nxd4 Bg7 6. e4 d6 7. Be2 Nc6 8. Nc2
a5 9. O-O O-O 10. Be3 Be6 11. f3 Nd7 12. Qd2 a4 13. Na3 Qa5 14. Rfc1 Rfc8 15.
Rab1 Nc5 16. Bf1 h5 17. Qf2 Ne5 18. Rd1 Kh7 19. Kh1 Ng4 20. fxg4 Bxc3 21. bxc3
Nxe4 22. Qf3 Bxg4 23. Qxf7+ Kh8 24. Qxe7 Rc7 25. Bd4+ Kg8 26. Qxe4 Bf5 27. Qd5+ 1-0

[Event "ch-ISR w 2016"]
[Site "Tiberias ISR"]
[Date "2016.12.08"]
[Round "4.7"]
[White "Gutmakher, Olga"]
[Black "Levitan, Ronit"]
[Result "1-0"]
[WhiteTitle "WIM"]
[BlackTitle "WCM"]
[WhiteElo "2247"]
[BlackElo "1712"]
[WhiteFideId "2807602"]
[BlackFideId "2815109"]
[EventDate "2016.12.05"]

1. e4 e5 2. Nf3 Nc6 3. Bb5 a6 4. Ba4 Nf6 5. d3 d6 6. c3 g6 7. h3 Bg7 8. Be3 O-O
9. Nbd2 Nd7 10. b4 f5 11. Bb3+ Kh8 12. exf5 gxf5 13. Bg5 Qe8 14. O-O Qg6 15. Re1
Nf6 16. Bxf6 Bxf6 17. Kh2 Nd8 18. Rc1 Ne6 19. Re3 Nf4 20. Qf1 Be6 21. Bxe6 Nxe6
22. c4 Rg8 23. c5 Nf4 24. Ne1 Bg5 25. Ndf3 Bh6 26. Rc4 d5 27. Rc2 Ne6 28. Nxe5
Qg7 29. N1f3 Bxe3 30. fxe3 f4 31. exf4 Nxf4 32. Ng5 Rgf8 33. Ngf7+ Kg8 34. Qxf4
Rae8 35. Nh6+ Kh8 36. Rf2 1-0

[Event "ch-ISR w 2016"]
[Site "Tiberias ISR"]
[Date "2016.12.08"]
[Round "4.8"]
[White "Katkov, Michelle"]
[Black "Levi, Shoval"]
[Result "1-0"]
[WhiteElo "1652"]
[BlackElo "1688"]
[WhiteFideId "2816393"]
[BlackFideId "2816288"]
[EventDate "2016.12.05"]

1. e4 c5 2. c3 d5 3. exd5 Qxd5 4. d4 Nf6 5. Nf3 Bg4 6. Be2 e6 7. h3 Bh5 8. O-O
Nc6 9. Be3 cxd4 10. cxd4 Bb4 11. Nc3 Bxc3 12. bxc3 b5 13. Rb1 a6 14. a4 Ne4 15.
Qc2 Nd6 16. axb5 axb5 17. Qb3 Qxb3 18. Rxb3 Ra5 19. Rfb1 Bg6 20. R1b2 Nc4 21.
Bxc4 bxc4 22. Rb8+ Nd8 23. Ne5 Ra1+ 24. Kh2 O-O 25. Nd7 Re8 26. Bg5 Ra7 27. Bxd8
Rxd7 28. Bf6 gxf6 29. Rxe8+ Kg7 30. Rbb8 Ra7 31. Rec8 Bd3 32. Rg8+ Kh6 33. Rg4
Bf5 34. Rg3 Bd3 35. Rbg8 Bg6 36. Rg4 Ra3 37. f4 Ra5 38. Rh4+ Rh5 39. Rxh5+ Kxh5
40. g3 Be4 41. Kg1 Bg6 42. Kf2 Be4 43. Rg7 Kh6 44. Rxf7 Kg6 45. Rc7 Bd5 46. Ke3
f5 47. Kd2 h6 48. Kc1 Bg2 49. Rxc4 Bxh3 50. Rc6 Kf7 51. c4 Bg2 52. Rc7+ Kg6 53.
c5 Kh5 54. Rg7 Bc6 55. Kb2 1-0

[Event "ch-ISR w 2016"]
[Site "Tiberias ISR"]
[Date "2016.12.09"]
[Round "5.1"]
[White "Altshul, Limor"]
[Black "Federovski, Adi"]
[Result "1-0"]
[WhiteElo "2022"]
[BlackElo "1947"]
[WhiteFideId "2812550"]
[BlackFideId "2813777"]
[EventDate "2016.12.05"]

1. d4 Nf6 2. c4 g6 3. Nc3 Bg7 4. e4 d6 5. Bd3 O-O 6. Nge2 Nc6 7. O-O Nh5 8. Bc2
e5 9. d5 Ne7 10. Kh1 f5 11. exf5 gxf5 12. Bg5 Bd7 13. f4 h6 14. Bh4 Qe8 15. fxe5
dxe5 16. Ng3 Nf4 17. Bxe7 Qxe7 18. Nce2 Nxe2 19. Qxe2 Qg5 20. Nh5 Rae8 21. Nxg7
Kxg7 22. Qd3 e4 23. Qc3+ Qf6 24. Qg3+ Kh8 25. Qxc7 Rf7 26. Qf4 Kg7 27. Rae1 b5
28. c5 Qxb2 29. Bb3 Bc8 30. c6 1-0

[Event "ch-ISR w 2016"]
[Site "Tiberias ISR"]
[Date "2016.12.09"]
[Round "5.2"]
[White "Lahav, Michal"]
[Black "Dotan, Valeria"]
[Result "1-0"]
[WhiteTitle "WFM"]
[BlackTitle "WFM"]
[WhiteElo "2178"]
[BlackElo "1928"]
[WhiteFideId "2813742"]
[BlackFideId "2803607"]
[EventDate "2016.12.05"]

1. e4 c5 2. Nf3 d6 3. d4 cxd4 4. Nxd4 Nf6 5. Nc3 a6 6. Bg5 Nbd7 7. Bc4 Qa5 8.
Qd2 Qc7 9. Be2 e6 10. Qe3 Be7 11. Qg3 b5 12. a3 Bb7 13. f3 Nb6 14. O-O Nh5 15.
Qg4 g6 16. Bxe7 Qxe7 17. Rad1 Nf6 18. Qg3 Nc4 19. Bxc4 bxc4 20. Nde2 e5 21. Nb1
O-O 22. Nd2 Rfc8 23. Qg5 Rc7 24. Ng3 Kh8 25. Rf2 Rd8 26. Ndf1 Ng8 27. Qxe7 Nxe7
28. Rfd2 Nc8 29. Ne2 Kg7 30. Ne3 Kf6 31. Nc3 Ke6 32. Na4 f5 33. Nc3 Rc5 34. Na4
Rc7 35. Nc3 Rc5 36. Kf2 Nb6 37. g3 fxe4 38. fxe4 Rf8+ 39. Ke2 Nc8 40. Rg1 Rc7
41. Re1 Rff7 42. h4 h5 43. Rg1 Nb6 44. g4 hxg4 45. Rxg4 Rg7 46. Kf3 Rcf7+ 47.
Kg3 Bc6 48. Ncd5 Bxd5 49. exd5+ Kd7 50. Nxc4 Nxc4 51. Rxc4 g5 52. h5 Rf4 53. Rc6
g4 54. Rf2 Rxf2 55. Kxf2 g3+ 56. Kg2 Rh7 57. Rxa6 Rxh5 58. Ra7+ Kc8 59. Kxg3 Rf5
60. b4 e4 61. a4 e3 62. Re7 Rxd5 63. Rxe3 Rd4 64. c3 Rc4 65. Rd3 Kc7 66. Kf3 Kc6
67. Ke3 Rh4 68. Rd2 Rh3+ 69. Kd4 Rh4+ 70. Kd3 Rh8 71. Kc4 Rh4+ 72. Kb3 Rh8 73.
a5 Rh3 74. Kc4 Rh4+ 75. Rd4 Rh3 76. b5+ Kc7 77. Rg4 Rh7 78. Rg5 Re7 79. Kd5 1-0

[Event "ch-ISR w 2016"]
[Site "Tiberias ISR"]
[Date "2016.12.09"]
[Round "5.3"]
[White "Nesterovskaya, Anzhelika"]
[Black "Vardi, Shlomit"]
[Result "0-1"]
[WhiteTitle "WFM"]
[WhiteElo "2173"]
[BlackElo "1926"]
[WhiteFideId "14114895"]
[BlackFideId "2801442"]
[EventDate "2016.12.05"]

1. e4 g6 2. f4 Bg7 3. Nc3 d6 4. Bc4 Nf6 5. d3 Nc6 6. a3 Bg4 7. Nge2 e6 8. Ba2
Nh5 9. Be3 d5 10. exd5 exd5 11. Nxd5 Ne7 12. Ndc3 Nf5 13. Qd2 O-O 14. Bc5 Bxe2
15. Nxe2 Bxb2 16. Rb1 Bg7 17. O-O Nd6 18. g4 Nf6 19. g5 Nh5 20. Bd4 Qd7 21. Rf2
Bxd4 22. Nxd4 c5 23. Nb3 Rac8 24. Rbf1 Nf5 25. Qc3 b6 26. Nd2 Nd4 27. Ne4 Rc6
28. Qd2 Re8 29. Kh1 Qh3 30. Re1 Rxe4 31. dxe4 Nf3 32. Rxf3 Qxf3+ 33. Qg2 Qxg2+
34. Kxg2 Nxf4+ 35. Kg3 Ne6 36. Bd5 Rd6 37. h4 b5 38. Ra1 Ra6 39. Kf2 Kf8 40. Ke3
Ke7 41. c3 f6 42. gxf6+ Kxf6 43. c4 b4 44. Rf1+ Ke5 45. axb4 cxb4 46. Rf7 b3 47.
Kd2 Nc5 48. Kc3 Rb6 49. Re7+ 0-1

[Event "ch-ISR w 2016"]
[Site "Tiberias ISR"]
[Date "2016.12.09"]
[Round "5.4"]
[White "Len, Irina"]
[Black "Brusilovski, Lena"]
[Result "1-0"]
[WhiteTitle "WFM"]
[WhiteElo "2140"]
[BlackElo "1851"]
[WhiteFideId "2805715"]
[BlackFideId "2803216"]
[EventDate "2016.12.05"]

1. d4 Nf6 2. c4 c5 3. d5 b5 4. cxb5 a6 5. bxa6 Bxa6 6. Nc3 d6 7. Nf3 g6 8. g3
Bg7 9. Bg2 O-O 10. O-O Nbd7 11. Rb1 Qc7 12. b3 Rfb8 13. Qc2 Nb6 14. Rd1 Nc8 15.
Bb2 Na7 16. Ba1 Nb5 17. Nxb5 Bxb5 18. a4 Bd7 19. Nd2 Rb7 20. h3 Qc8 21. Kh2 Rab8
22. Nc4 Ra7 23. e4 Qa6 24. Bf1 Qc8 25. f3 Ne8 26. Bxg7 Kxg7 27. Qc3+ Kg8 28. f4
Rb4 29. g4 Qb8 30. Bd3 e6 31. Bc2 exd5 32. exd5 Qd8 33. Kg3 Qc8 34. Re1 Qd8 35.
Rbd1 Bc8 36. Re3 Ng7 37. Rde1 h5 38. Bd1 g5 39. fxg5 Qxg5 40. Re8+ Kh7 41. Rxc8
Nf5+ 42. Kg2 Nd4 43. Qd3+ Kg7 44. Nxd6 Qxd5+ 45. Ne4 Ra5 46. gxh5 Kh7 47. Qg3 1-0

[Event "ch-ISR w 2016"]
[Site "Tiberias ISR"]
[Date "2016.12.09"]
[Round "5.5"]
[White "Haitovich, Avital"]
[Black "Gutmakher, Olga"]
[Result "0-1"]
[BlackTitle "WIM"]
[WhiteElo "1979"]
[BlackElo "2247"]
[WhiteFideId "2800306"]
[BlackFideId "2807602"]
[EventDate "2016.12.05"]

1. e4 c5 2. Nf3 e6 3. c3 Nf6 4. Bd3 Qc7 5. Bc2 Nc6 6. O-O Be7 7. Re1 e5 8. d3 d6
9. Nbd2 h6 10. Nf1 g5 11. Ne3 Bd7 12. Nd5 Nxd5 13. exd5 Nd8 14. d4 f6 15. dxe5
dxe5 16. Bg6+ Kf8 17. Nd2 Kg7 18. Qc2 Rf8 19. Bf5 Nf7 20. Nf1 Nd6 21. Bxd7 Qxd7
22. Ng3 Rh8 23. Nh5+ Kf7 24. Qe2 Rad8 25. Be3 Nf5 26. Rad1 b6 27. Qf3 Nh4 28.
Qe4 Bd6 29. f3 f5 30. Qc2 Ng6 31. Bf2 f4 32. Re2 Ne7 33. c4 Qf5 34. Qxf5+ Nxf5
35. g3 Rde8 36. g4 Nd4 37. Bxd4 cxd4 38. Kf1 Re7 39. Re4 Rc8 40. b3 b5 41. cxb5
Rc5 42. a4 Rxd5 43. Re2 Rc7 44. Rb2 Rc3 45. Kf2 d3 46. b4 Rd4 47. a5 Rc2+ 48.
Rxc2 dxc2 49. Rc1 Rd2+ 50. Ke1 Bxb4 51. b6 axb6 0-1

[Event "ch-ISR w 2016"]
[Site "Tiberias ISR"]
[Date "2016.12.09"]
[Round "5.6"]
[White "Zach, Asif"]
[Black "Reprun, Nadejda"]
[Result "0-1"]
[WhiteElo "1632"]
[BlackElo "1959"]
[WhiteFideId "2818604"]
[BlackFideId "2806843"]
[EventDate "2016.12.05"]

1. e4 c6 2. d4 d5 3. f3 Qb6 4. Nc3 e5 5. Nge2 dxe4 6. fxe4 Nf6 7. a4 Bb4 8. Qd3
O-O 9. Be3 Qa5 10. Bg5 Nxe4 11. Qxe4 exd4 12. Bd2 dxc3 13. Nxc3 Bf5 14. Qf3 Bxc2
15. Be2 Qc5 16. Rc1 0-1

[Event "ch-ISR w 2016"]
[Site "Tiberias ISR"]
[Date "2016.12.09"]
[Round "5.8"]
[White "Levi, Shoval"]
[Black "Ovechkin, Lilia"]
[Result "0-1"]
[WhiteElo "1688"]
[BlackElo "1857"]
[WhiteFideId "2816288"]
[BlackFideId "2816199"]
[EventDate "2016.12.05"]

1. d4 d5 2. c4 e6 3. Nc3 c6 4. e4 dxe4 5. Nxe4 Bb4+ 6. Bd2 Bxd2+ 7. Qxd2 Nf6 8.
Nc3 Qe7 9. Nf3 Nbd7 10. Ne5 Nf8 11. Qg5 Rg8 12. Bd3 h6 13. Qg3 g5 14. h3 Bd7 15.
Qf3 O-O-O 16. a3 Be8 17. Qe3 N6d7 18. b4 f6 19. Nf3 Bf7 20. O-O f5 21. Bxf5 Qf6
22. Ne4 Qg7 23. Bg4 Nf6 24. Nxf6 Qxf6 25. Ne5 h5 26. Bf3 Nd7 27. Nxf7 Qxf7 28.
g4 h4 29. Rfe1 Kb8 30. b5 cxb5 31. Qe4 Nb6 32. cxb5 Rgf8 33. Kg2 Nd5 34. Qe5+
Ka8 35. Qe4 Nf4+ 36. Kh2 Qc7 37. Qe5 Qc3 38. Qe4 Nd5 39. Kg2 Rf4 40. Qe2 Rxf3
41. Qe4 Rdf8 42. Ra2 Nf4+ 43. Kf1 Qc4+ 44. Kg1 Nxh3+ 45. Kg2 Qxa2 0-1

[Event "ch-ISR w 2016"]
[Site "Tiberias ISR"]
[Date "2016.12.09"]
[Round "5.9"]
[White "Levitan, Ronit"]
[Black "Bejashvili, Irma"]
[Result "1/2-1/2"]
[WhiteTitle "WCM"]
[WhiteElo "1712"]
[BlackElo "1656"]
[WhiteFideId "2815109"]
[BlackFideId "2810662"]
[EventDate "2016.12.05"]

1. e4 c5 2. c3 e6 3. d4 d5 4. exd5 exd5 5. Nf3 a6 6. Bd3 c4 7. Bc2 Bd6 8. O-O
Ne7 9. b3 b5 10. a4 Bb7 11. Ba3 Nbc6 12. Bxd6 Qxd6 13. Re1 O-O 14. Nbd2 Ng6 15.
Rb1 Rab8 16. Nf1 cxb3 17. Bxb3 Na5 18. axb5 axb5 19. Ne3 Nc4 20. Bxc4 bxc4 21.
Ng4 Bc6 22. Ra1 Rb3 23. Nge5 Be8 24. Qc2 f6 25. Nd3 Ra3 26. Rxa3 Qxa3 27. Nc5
Bf7 28. h3 Rb8 29. Qc1 Qxc1 30. Rxc1 Nf4 31. Kf1 Bg6 32. Ne1 Rb2 33. Ra1 h5 34.
Ra8+ Kh7 35. Ra1 Nd3 36. Nexd3 cxd3 37. Rd1 Rc2 38. Nxd3 Rxc3 39. Nf4 Bf7 40.
Ra1 g5 41. Ne2 Rc4 42. Rc1 Rxc1+ 43. Nxc1 Kg6 44. Ke2 Be8 45. Ke3 Bb5 46. f3 Bf1
47. Kf2 Bc4 48. g4 f5 49. Kg2 1/2-1/2

[Event "ch-ISR w 2016"]
[Site "Tiberias ISR"]
[Date "2016.12.10"]
[Round "6.1"]
[White "Vardi, Shlomit"]
[Black "Lahav, Michal"]
[Result "0-1"]
[BlackTitle "WFM"]
[WhiteElo "1926"]
[BlackElo "2178"]
[WhiteFideId "2801442"]
[BlackFideId "2813742"]
[EventDate "2016.12.05"]

1. e4 e6 2. Qe2 c5 3. Nf3 Nc6 4. g3 d5 5. d3 Nf6 6. e5 Nd7 7. Bg2 b5 8. O-O Ba6
9. a3 Qb6 10. Rd1 Rc8 11. Bf4 Be7 12. h4 h6 13. Nbd2 c4 14. b4 cxb3 15. Nxb3 b4
16. a4 Qd8 17. Qe3 Qb6 18. Qe2 Qc7 19. Re1 Nc5 20. Nc1 Na5 21. Nd4 Qd7 22. Qg4
Kf8 23. Bd2 Rb8 24. f4 h5 25. Qf3 g6 26. Bh3 Rb6 27. Rf1 Nc6 28. Be3 Nd8 29.
Ndb3 Nxb3 30. Nxb3 Rc6 31. Rf2 Rc3 32. Bd4 Rc7 33. Kh2 Rg8 34. Rg2 Qc8 35. Ra2
Nc6 36. g4 hxg4 37. Bxg4 Bxh4 38. Bc5+ Ne7 39. d4 Rh8 40. Kg1 Bc4 41. Ra1 Bxb3
42. cxb3 Rxc5 43. dxc5 Qxc5+ 44. Kf1 Be1 45. Rga2 Bc3 46. Rd1 Nc6 47. Bh3 Nd4
48. Qg3 Nxb3 49. Kg2 Qc4 50. Qg5 Qe4+ 51. Kh2 Ke8 52. Rf1 Nd2 53. Rxd2 Bxd2 54.
Qg3 Qc4 0-1

[Event "ch-ISR w 2016"]
[Site "Tiberias ISR"]
[Date "2016.12.10"]
[Round "6.2"]
[White "Len, Irina"]
[Black "Altshul, Limor"]
[Result "0-1"]
[WhiteTitle "WFM"]
[WhiteElo "2140"]
[BlackElo "2022"]
[WhiteFideId "2805715"]
[BlackFideId "2812550"]
[EventDate "2016.12.05"]

1. d4 Nf6 2. Nf3 e6 3. e3 b6 4. Bd3 Bb7 5. Nbd2 c5 6. O-O d5 7. b3 Be7 8. Bb2
O-O 9. Ne5 Nbd7 10. Qf3 Qc7 11. Qh3 h6 12. f4 Nxe5 13. fxe5 Ne4 14. Bxe4 dxe4
15. c4 Rad8 16. Rf2 Bg5 17. Nf1 Qc6 18. Qg3 cxd4 19. exd4 e3 20. Nxe3 Qe4 21.
Ng4 h5 22. h4 Bxh4 23. Qxh4 hxg4 24. Raf1 Rd7 25. Qg3 f5 26. exf6 Rxf6 27. d5
Rxf2 28. Qb8+ Kh7 29. Rxf2 Qe1+ 30. Rf1 Qe3+ 31. Kh1 exd5 32. Bc1 Qe4 33. Qh2+
Kg6 34. Qh4 dxc4 35. Qg3 Rd3 36. Qf2 Rh3+ 37. Kg1 g3 38. Qf7+ Kh7 39. Qf5+ Qxf5
40. Rxf5 Rh2 41. Rg5 Rxg2+ 42. Kf1 Rc2 43. Be3 g2+ 44. Ke1 Bf3 0-1

[Event "ch-ISR w 2016"]
[Site "Tiberias ISR"]
[Date "2016.12.10"]
[Round "6.3"]
[White "Gutmakher, Olga"]
[Black "Federovski, Adi"]
[Result "1-0"]
[WhiteTitle "WIM"]
[WhiteElo "2247"]
[BlackElo "1947"]
[WhiteFideId "2807602"]
[BlackFideId "2813777"]
[EventDate "2016.12.05"]

1. e4 d6 2. d4 Nf6 3. Nc3 g6 4. Be3 c6 5. h3 Nbd7 6. Nf3 Bg7 7. Qd2 Qa5 8. a3 a6
9. Bd3 b5 10. O-O e5 11. dxe5 dxe5 12. Bh6 O-O 13. Nh4 Nh5 14. Nf5 gxf5 15. Qg5
Qd8 16. Qxh5 f4 17. Bg5 Bf6 18. Bxf4 Qe7 19. Bh6 Rd8 20. f4 Nf8 21. Rae1 exf4
22. Bxf8 Bd4+ 23. Kh1 Qxf8 24. e5 Qg7 25. Bxh7+ Kf8 26. e6 Bxe6 27. Rxf4 Bxc3
28. Qc5+ Ke8 29. Qxc6+ Ke7 30. bxc3 Rac8 31. Qb7+ Rd7 32. Qxc8 Qxh7 33. Rxe6+
Kxe6 34. Qe8+ Kd5 1-0

[Event "ch-ISR w 2016"]
[Site "Tiberias ISR"]
[Date "2016.12.10"]
[Round "6.4"]
[White "Dotan, Valeria"]
[Black "Nesterovskaya, Anzhelika"]
[Result "0-1"]
[WhiteTitle "WFM"]
[BlackTitle "WFM"]
[WhiteElo "1928"]
[BlackElo "2173"]
[WhiteFideId "2803607"]
[BlackFideId "14114895"]
[EventDate "2016.12.05"]

1. Nf3 e6 2. c4 f5 3. Nc3 Nf6 4. d3 d5 5. cxd5 exd5 6. d4 Be7 7. Bf4 O-O 8. e3
c6 9. Bd3 Ne4 10. Qb3 Kh8 11. h4 a5 12. g3 Nd7 13. Nd2 b5 14. Qc2 Nb6 15. f3
Nxd2 16. Qxd2 Bd6 17. Bxd6 Qxd6 18. Kf2 Nc4 19. Bxc4 dxc4 20. Ne2 Be6 21. Nf4
Rfd8 22. Qc2 Qd7 23. Rad1 Bf7 24. h5 h6 25. Rhe1 b4 26. Rc1 c5 27. Rcd1 cxd4 28.
Rxd4 Qb5 29. Red1 Rxd4 30. Rxd4 a4 31. g4 a3 32. Ng6+ Bxg6 33. hxg6 axb2 34.
Qxb2 fxg4 35. Qd2 Qb8 36. f4 c3 37. Qc2 Qg8 38. Kg3 Rxa2 39. Qc1 Qf8 40. Rc4 Ra8
41. Qb1 Rb8 42. Kxg4 Qd6 43. Qe4 b3 44. Rxc3 Qd1+ 45. Kh3 b2 46. Qf5 0-1

[Event "ch-ISR w 2016"]
[Site "Tiberias ISR"]
[Date "2016.12.10"]
[Round "6.5"]
[White "Reprun, Nadejda"]
[Black "Ovechkin, Lilia"]
[Result "1/2-1/2"]
[WhiteElo "1959"]
[BlackElo "1857"]
[WhiteFideId "2806843"]
[BlackFideId "2816199"]
[EventDate "2016.12.05"]

1. e4 d5 2. exd5 Qxd5 3. Nf3 Nf6 4. Be2 e6 5. d4 Be7 6. O-O O-O 7. c4 Qd8 8. Nc3
c6 9. h3 b6 10. Bf4 Bb7 11. Qc2 Bd6 12. Bxd6 Qxd6 13. Rad1 Na6 14. a3 Nc7 15.
Rd2 c5 16. Rfd1 cxd4 17. Rxd4 Qe7 18. Ne5 Rfd8 19. Qd3 Rxd4 20. Qxd4 Nfe8 21.
Bf3 Bxf3 22. Nxf3 f6 23. b4 e5 24. Qd7 Kf7 25. Qc6 Rd8 26. Rxd8 Qxd8 27. Nd5 Kf8
28. Nxc7 Qxc7 29. Qd5 Qd6 30. Qxd6+ Nxd6 31. Nd2 Ke7 1/2-1/2

[Event "ch-ISR w 2016"]
[Site "Tiberias ISR"]
[Date "2016.12.10"]
[Round "6.7"]
[White "Katkov, Michelle"]
[Black "Haitovich, Avital"]
[Result "0-1"]
[WhiteElo "1652"]
[BlackElo "1979"]
[WhiteFideId "2816393"]
[BlackFideId "2800306"]
[EventDate "2016.12.05"]

1. e4 c5 2. c3 Nf6 3. e5 Nd5 4. d4 cxd4 5. cxd4 g6 6. h4 h5 7. Bc4 Nb6 8. Bb3 d5
9. Nc3 Nc6 10. Nge2 Bf5 11. Nf4 e6 12. Be3 Be7 13. g3 Na5 14. Ba4+ Nxa4 15.
Qxa4+ Kf8 16. Nh3 Nc4 17. Bg5 Bxh3 18. Bxe7+ Qxe7 19. Rxh3 Nxb2 20. Qb3 Nc4 21.
Rb1 b6 22. Qb5 Kg7 23. Rc1 Qa3 24. Qb1 Rac8 25. Nb5 Qa5+ 26. Ke2 Qd2+ 27. Kf3
Nxe5+ 28. dxe5 Rxc1 29. Qb3 a6 30. Kg2 Qd1 31. Qxd1 Rxd1 32. Nc3 Rd2 33. Rh1 Rc8
34. Rc1 Rc5 35. Kf1 d4 36. Ne2 Rxc1+ 37. Nxc1 Rd1+ 0-1

[Event "ch-ISR w 2016"]
[Site "Tiberias ISR"]
[Date "2016.12.10"]
[Round "6.8"]
[White "Bejashvili, Irma"]
[Black "Zach, Asif"]
[Result "0-1"]
[WhiteElo "1656"]
[BlackElo "1632"]
[WhiteFideId "2810662"]
[BlackFideId "2818604"]
[EventDate "2016.12.05"]

1. d4 Nf6 2. Nf3 c5 3. d5 b5 4. Bg5 Qb6 5. e3 a6 6. Be2 Bb7 7. Bxf6 Qxf6 8. c3
g6 9. O-O Qb6 10. Qb3 Bg7 11. a4 b4 12. Rd1 d6 13. a5 Qc7 14. cxb4 Nd7 15. b5
axb5 16. Bxb5 Ba6 17. Nc3 O-O 18. Qa4 Bxb5 19. Qxb5 Rfc8 20. Ra2 c4 21. Nd4 Ne5
22. Qa4 Ra6 23. Ncb5 Qc5 24. Nc3 Rca8 25. Qc2 Rxa5 26. Rxa5 Qxa5 27. f4 Nd3 28.
Nc6 Qc5 29. Rxd3 cxd3 30. Qxd3 Bxc3 31. bxc3 Kf8 32. Qd4 Qxd4 33. cxd4 Ra2 34.
e4 e6 35. dxe6 fxe6 36. e5 d5 37. h3 Rc2 38. Nb8 Ke7 39. g4 Kf7 40. Nd7 Rc4 41.
Nf6 h6 42. f5 gxf5 43. gxf5 Rxd4 44. fxe6+ Kxe6 45. Kg2 Kxe5 46. Ng8 h5 47. Ne7
Re4 48. Kf3 Ra4 49. Ng6+ Kd6 50. Kg3 d4 51. Kf4 d3+ 52. Ke3 Ra3 53. Nf4 Kc5 54.
h4 Kc4 55. Nxh5 Kc3 56. Nf4 d2 57. Ke2 Kc2 0-1

[Event "ch-ISR w 2016"]
[Site "Tiberias ISR"]
[Date "2016.12.10"]
[Round "6.9"]
[White "Levitan, Ronit"]
[Black "Levi, Shoval"]
[Result "1-0"]
[WhiteTitle "WCM"]
[WhiteElo "1712"]
[BlackElo "1688"]
[WhiteFideId "2815109"]
[BlackFideId "2816288"]
[EventDate "2016.12.05"]

1. e4 c5 2. c3 d5 3. exd5 Qxd5 4. d4 Nf6 5. Nf3 Bg4 6. Be2 e6 7. h3 Bh5 8. O-O
Nc6 9. Be3 cxd4 10. cxd4 Be7 11. Nc3 Qd6 12. Qb3 O-O 13. Rfd1 Rfd8 14. a3 a6 15.
Rac1 b5 16. d5 exd5 17. g4 Na5 18. Qa2 Bg6 19. g5 Ne4 20. Nxd5 Qe6 21. Nh4 Bxg5
22. Bg4 f5 23. Nxf5 Bxf5 24. Bxf5 Qf7 25. Bxe4 Bxe3 26. fxe3 Kh8 27. Qb1 Qh5 28.
Nf4 Qg5+ 29. Kh1 Re8 30. Bxa8 1-0